His touch has still its ancient power. (Record no. 10681)

000 -LEADER
fixed length control field 00556nam a2200181 a 4500
001 - CONTROL NUMBER
control field :::00008470$&:&@@
003 - CONTROL NUMBER IDENTIFIER
control field OkBaRHE
005 - DATE AND TIME OF LATEST TRANSACTION
control field 20000607103344.0
008 - FIXED-LENGTH DATA ELEMENTS--GENERAL INFORMATION
fixed length control field s1951 j 000 0 eng u
040 ## - CATALOGING SOURCE
Transcribing agency
100 1# - MAIN ENTRY--PERSONAL NAME
Personal name Rees, Thomas B.
245 10 - TITLE STATEMENT
Title His touch has still its ancient power.
260 ## - PUBLICATION, DISTRIBUTION, ETC. (IMPRINT)
Place of publication, distribution, etc London, UK:EN., :
Name of publisher, distributor, etc Pickering & Inglis, Ltd.
Date of publication, distribution, etc 1951
300 ## - PHYSICAL DESCRIPTION
Extent 79 p. ;
Dimensions 19 cm.
650 ## - SUBJECT ADDED ENTRY--TOPICAL TERM
Topical term or geographic name as entry element Evangelistic Work
942 ## - ADDED ENTRY ELEMENTS (KOHA)
Source of classification or shelving scheme
Koha item type Books
Copies
Date last seen Date acquired Permanent Location Not for loan Withdrawn status Price effective from Koha item type Barcode Lost status Damaged status Full call number Copy number Source of classification or shelving scheme Shelving location
2010-04-142010-04-14RHEMA Bible Training College  2010-04-14Books8470  BV 3790 .R38821 General Stacks